000 00499nam a2200169 i 4500
001 134651
003 ES-MaACL
005 20230906194722.0
007 t|
008 070912s1964 sp ||||1| spa d
100 1 _aWehner, W.
_9116313
245 1 0 _aHistoria de la criminología /
_cW. Wehner ; traducción de Enrique Ortega Masía.
260 _a[Barcelona] :
_bZeus,
_c1964.
300 _a396 p. ;
_c21 cm.
700 1 _aOrtega Masiá, Enrique.
_987470
852 _aES-MaACL
_jC-27076
_bR.55883
999 _c134651
_d134651